01155nam a2200193Ia 4500001001000000003001000010008004100020040002500061041001300086100002100099245005100120250001100171260009200182300002700274500026200301501011400563520026200677650002200939L192-1768IT-CnALBA170116s9999||||xx |||||||||||||| ||und|| aIT-CnALBAcIT-CnALBA aITALIANO aBERKELEY GIORGIO 0aTRATTATO DEI PRINCIPI DELLA CONOSCENZA UMANA.  a1a ed. a BRESCIAbLA SCUOLA, SOCIETÀ EDITRICE c1940 [1° Ed.:1940 - Ed.Ling.Originale: 1940] a222 p. (prefazione: 9) aTRADUZIONE E NOTE DI CASTIGLIONI GIULIO. PRINCIPI DELLA CONOSCENZA. CRITICA DELLE IDEE ASTRATTE. SOLUZIONE NOMINALISTICA. IL VERBALISMOIDEALISMO IMMATERIALISTA. REALTÀ NATURALE. VANTAGGI DELL'IDEALISMO IMMATERIALISTA. FILOSOFIA DELLA NATURA. SCIENZE MATEM aSocietà San Paolo EM - Piazza San Paolo, 14 - 12051 ALBA (CN) (non commercial uses only) ® Copyright 2017 aTRADUZIONE E NOTE DI CASTIGLIONI GIULIO. PRINCIPI DELLA CONOSCENZA. CRITICA DELLE IDEE ASTRATTE. SOLUZIONE NOMINALISTICA. IL VERBALISMOIDEALISMO IMMATERIALISTA. REALTÀ NATURALE. VANTAGGI DELL'IDEALISMO IMMATERIALISTA. FILOSOFIA DELLA NATURA. SCIENZE MATEM aFILOSOFIA INGLESE